| 000 | 00392nam a2200145Ia 4500 | ||
|---|---|---|---|
| 008 | 230917s9999||||xx |||||||||||||| ||und|| | ||
| 040 |
_e209777 _aMAIN |
||
| 041 | _aEnglish | ||
| 082 | _a343.094201 M732L | ||
| 100 | _aMathews, E.J.T | ||
| 245 | 0 | _aLegal aid and advice under the legal aid acts 1949 to 1964 | |
| 260 |
_aLondon _bButterworths _c1971 |
||
| 300 | _aLii, 555 p. | ||
| 942 | _cBK | ||
| 999 |
_c187903 _d187903 |
||